MSIS--management science information systems

Αποθηκεύτηκε σε:
Λεπτομέρειες βιβλιογραφικής εγγραφής
Κύριος συγγραφέας: Attaran, Mohsen
Μορφή: Βιβλίο
Γλώσσα:English
Δημοσίευση: New York : John Wiley, c1992.
Θέματα:
Ετικέτες: Προσθήκη ετικέτας
Δεν υπάρχουν, Καταχωρήστε ετικέτα πρώτοι!

MARC

LEADER 00000cam a2200000 i 4500
001 1/35032
008 941103s1992 nyu| ||| |||| ||eng||
020 |a 0471529982 
035 |l 10039819 
035 |a 1993  |c ΔΑΡΖΕΝΤΑΣ 
040 |a GR-MyUA  |b gre  |e AACR2 
041 0 |a eng 
082 0 |a 658.4038011  |2 (20) 
100 1 |a Attaran, Mohsen. 
245 1 0 |a MSIS--management science information systems /   |c Mohsen Attaran.  
246 3 3 |a Management science information systems 
260 |a New York :   |b John Wiley,   |c c1992.  
300 |a 260 σ. ;   |c 25 εκ. +   |e 3 δισκέτες 5 1/4".  
504 |a Περιέσει ευρετήριο.  
650 0 0 |a Management information systems. 
852 |a INST  |b SAMOS  |e 19941103  |h 658.4038011 ΑΤΤ  |p 005300006512  |q 005300006512  |t BK  |y 0 
852 |a INST  |b SAMOS  |e 19981119  |h 658.4038011 ΑΤΤ  |p 005300013806  |q 005300013806  |t BK  |y 0 
852 |a INST  |b SAMOS  |e 19981119  |h 658.4038011 ΑΤΤ  |p 005300013807  |q 005300013807  |t BK  |y 0 
852 |a INST  |b SAMOS  |e 19981119  |h 658.4038011 ΑΤΤ  |p 005300013808  |q 005300013808  |t BK  |y 0 
909 |a Σ  |b 026921 
909 |a Σ  |b 026922 
909 |a Σ  |b 026923 
909 |a Σ  |b 026924